| 000 | 00618nam a2200217 i 4500 | ||
|---|---|---|---|
| 001 | 44300 | ||
| 003 | ES-MaACL | ||
| 005 | 20231229063015.0 | ||
| 007 | t| | ||
| 008 | 030321s1986 sp ||||1| spa d | ||
| 020 | _a84-320-5848-3 | ||
| 100 | 1 |
_aCierva, Ricardo de la, _d1926-2015 _938790 |
|
| 245 | 1 | 0 |
_aFranco / _cRicardo de la Cierva. |
| 260 |
_aBarcelona : _bPlaneta, _c1986. |
||
| 300 |
_a521 p. : _bil. ; _c24 cm. |
||
| 490 | 1 |
_aEspejo de España ; _v118 |
|
| 500 | _aIndice. | ||
| 830 | 0 |
_aEspejo de España ; _v118 _9177692 |
|
| 852 |
_aES-MaACL _jL-11006 _bR.112772 |
||
| 999 |
_c44300 _d44300 |
||